00390nam a2200181Ia 4500003000900000008004100009040001300050040001300063041000800076100001500084245004700099250001000146260001400156260000900170300001100179300001200190490000600202IT-RoPAU120407s9999 xx 000 0 und d aIT-RoPAU cIT-RoPAU afra aYves Simon aIntroduction à la Ontologie du connaitre aParis aDesclée c1934 a234 p. c20,5 cm v1